00603nam a22001817a 450000500170000001000150001702000260003203500140005803700130007208200150008524500890010026000370018927000800022630000250030650000470033170000210037870000220039920180517113724.0 aENG-123042 a9788175418714c650.00 aEN-106574 bDBAD/PUB a346.540438 aJourney towards land titling in india /ced. by Varsha Ganguly [and] Snehasis Mishra aDelhibShipra Publicationsc2017 aH.O. LG 18-19, Pankaj Central Market, Patparganj, I.P. Extn.bDelhie110092 axiii, 208pc21cm(Hb) aIt include Glossary, Contributor and Index a Ganguly, Varsha a Mishra, Snehasis